Judikatúra k Správnemu poriadku a Správnemu súdnemu poriadku /
Uložené v:
| Hlavní autori: | , , |
|---|---|
| Médium: | Kniha |
| Jazyk: | Slovak |
| Vydané: |
Bratislava :
EuroKódex,
2017.
|
| Témy: | |
| ISBN: |
9788081550690 (viaz.) |
| Fyzický popis: |
viii, 671 strán ; 24 cm. |
| Tagy: |
Pridať tag
Žiadne tagy, Buďte prvý kto otaguje tento záznam!
|
Titul je dostupný aj v ... 

MARC
| LEADER | 00000nam a2200000 i 4500 | ||
|---|---|---|---|
| 001 | 000561663 | ||
| 005 | 20171207104315.0 | ||
| 008 | 170531s2017 xo g 000 0 slo d | ||
| 020 | |a 9788081550690 (viaz.) | ||
| 040 | |a SVKKK |b slo |c SVKKK |e AACR2 | ||
| 041 | 0 | |a slo | |
| 043 | |a e-xo--- | ||
| 044 | |a xo |c SK | ||
| 072 | 7 | |a 342 |x Ústavné právo. Správne právo |2 konspekt | |
| 080 | |a 342.9 |2 2011 | ||
| 080 | |a 347.951 |2 2011 | ||
| 080 | |a 35 |2 2011 | ||
| 080 | |a (437.6) |2 2011 | ||
| 080 | |a (048.8:082) |2 2011 | ||
| 100 | 1 | |a Milučký, Jozef |4 aut | |
| 245 | 1 | 0 | |a Judikatúra k Správnemu poriadku a Správnemu súdnemu poriadku / |c Jozef Milučký, Jana Vallová, Peter Potásch. |
| 246 | 3 | 4 | |a Správny poriadok a Správny súdny poridok : |b judikatúra |
| 260 | |a Bratislava : |b EuroKódex, |c 2017. | ||
| 300 | |a viii, 671 strán ; |c 24 cm. | ||
| 650 | 0 | 7 | |a správne právo |2 SVKKKPH |
| 650 | 0 | 7 | |a súdne rozhodnutia a stanoviská |2 SVKKKPH |
| 650 | 0 | 7 | |a verejná správa |2 SVKKKPH |
| 651 | 7 | |a Slovensko |2 SVKKKPH | |
| 655 | 7 | |a kolektívne monografie |2 SVKKKPH | |
| 700 | 1 | |a Vallová, Jana |4 aut | |
| 700 | 1 | |a Potásch, Peter |4 aut | |
| 910 | |a svkkk | ||
| 919 | |a 978-80-8155-069-0 | ||
| 998 | |a BK | ||
| 090 | |g SCKHL |k Konzultanti |a IV.230557 |j 1083803 |i 2720488092 |s Príručka / Študovňa | ||